| 000 | 007320000a22002050004500 | ||
|---|---|---|---|
| 020 | _a978-0-8297-5741-5 | ||
| 082 | 0 | 4 | _aG 253.5 B7329m |
| 100 | 1 | _aBorghetti, Esteban | |
| 245 | 1 | 0 | _aManual práctico para consejería juvenil / Esteban Borghetti , Patty Marroquín , Esteban Obando |
| 260 | _aMiami, Florida : Vida | ||
| 300 | _a167 p. | ||
| 505 | 0 | 0 | _aAconsejando a los adolescentes -- Problemas más frecuentes que enfrentan los adolescentes |
| 650 | 1 | 4 | _aCONSEJERIA PASTORAL - JUVENTUD \ TRABAJO SOCIAL - CASOS - JUVENTUD |
| 700 | 1 | _aMarroquín, Patty \ Obando, Esteban | |
| 001 | 10395 | ||
| 942 | _cBK | ||
| 999 |
_c39963 _d39963 |
||
| 336 |
_atexto _btxt _2rdacontent |
||
| 337 |
_2rdamedia _asin mediación _bn |
||
| 338 |
_2rdacarrier _avolumen _bnc |
||